000 00629nam a2200193 a 4500
001 000003355
005 20200929150425.0
008 090708s2009 dr a 000 0 spa d
020 _a9789993425878
040 _aDO-SdBNP
082 _a612.015078
_bR696l
100 1 _aRodríguez, Blanca
_910503
245 1 0 _aLaboratorio bioquímica II :
_bmanual de prácticas /
_cBlanca Rodríguez.
260 _aSanto Domingo :
_bInstituto Técnologico de Santo Domingo,
_c2009.
300 _a68 p. :
_bil. ;
_c28 cm.
504 _aIncluye bibliográfías (p. 67-68 )
650 4 _aBioquimica
_vMANUALES DE LABORATORIO
_910504
049 _aBNPD
999 _c3186
_d3186